| 000 | 01493ntm a2200433 a 4500 | ||
|---|---|---|---|
| 100 | 1 |
_aАрнаудов, Михаил Петров _933558 |
|
| 999 |
_c346167 _d346167 |
||
| 003 | BLK | ||
| 005 | 20250220130523.0 | ||
| 008 | 180411b bul|||||r ||||||| ||bul|| | ||
| 010 | _aKNG00193375000 | ||
| 040 | _aBLK | ||
| 041 |
_aBUL _cBUL |
||
| 072 | 7 |
_2bullib _aА _xФонд Михаил Арнаудов |
|
| 080 |
_b821.163.2.09 _z821.163.2.09 |
||
| 139 |
_aАрнаудов, Михаил Петров _bС 53 |
||
| 245 | 1 | 0 |
_aНеизвестни стихотворения на Иван Вазов _bРъкопис _cМихаил Петров Арнаудов. |
| 257 | _aBGR | ||
| 260 |
_c1950 _aСофия |
||
| 300 |
_a56 л. _c20 см |
||
| 380 | _a82 | ||
| 490 |
_9396381 _aЧастна колекция - Академик Михаил Арнаудов _gДарение - Основен фонд |
||
| 505 | _gРъкопис - Датиране: 5.V.50. | ||
| 600 | 0 |
_aВазов, Иван Минчов _9363396 |
|
| 650 | 0 |
_aБългарска литература _9243597 |
|
| 653 | 7 |
_aИван Вазов _9187145 |
|
| 653 | 7 |
_aстихотворения _9197459 |
|
| 852 | _aМА 5053 | ||
| 856 | 4 | _qpdf | |
| 856 | 4 | _qpdf | |
| 942 |
_cMNS _n0 _s1 _01 |
||
| 944 |
_aCR _c17.10.2016 _k30546 _lРенета Константинова |
||
| 944 |
_aED _c17.10.2016 _kГеновева_Генчева |
||
| 999 | _d184422 | ||
| 999 | _d184422 | ||
| 999 | _d184422 | ||
| 999 | _d184422 | ||
| 999 | _d184422 | ||
| 999 | _d184422 | ||